000
00353nam a2200145Ia 4500
008
090124s9999 xx 000 0 und d
082
_b
201428
245
_a
बालकवि
250
_a
1
260
_b
मराठे कृ.बा.
_c
1962
300
_a
198
630
_a
बालकवि
730
_a
बालकवि
942
_c
BOOK
999
_c
183009
_d
183009